Départements du Centre-Val de Loire (carte) - Statistiques

Statistiques générales
  • Ce quiz a été pris 6 637 fois
  • Le résultat moyen est 5 sur 6
Réponses sur la Carte
Les réponses sont colorées sur une échelle allant du rouge au vert en fonction du pourcentage des utilisateurs qui les ont devinées à leur premier essai. Vous pouvez retrouver ces pourcentages ci-dessous.
 
Statistiques - réponses
Département % Correct
45 Loiret
90%
18 Cher
85%
42 Loir-et-Cher
84%
36 Indre
80%
37 Indre-et-Loire
77%
28 Eure-et-Loire
71%
Aucun quiz correspondant
Distribution des résultats
% des personnes avec chaque résultat
Percentile par nombre de réponses
Votre historique - résultats
Vous n’avez pas pris ce quiz